Le titre des 109 tomes de One Piece. - Statistiques

Statistiques générales
  • Ce quiz a été pris 389 fois
    48 depuis la dernière actualisation
  • Le résultat moyen est 38 sur 109
Statistiques - réponses
Titre % Correct
La mort de Portgas D. Ace
65%
Pour qui sonne le glas
61%
Larmes
57%
Le plus grand bandit d'East Blue
52%
ROMANCE DAWN à l'aube d'une grande aventure
52%
Et ainsi débuta la légende
48%
Gear
48%
L'aventure de Vivi
48%
L'ère de Barbe Blanche
48%
Les cerisiers d'Hiluluk
48%
Les onze Supernovae
48%
Luffy versus la Bande à Baggy
48%
OK. Let's STAND UP
48%
SAD
48%
Ace entre en scène
43%
Cool Fight
43%
Des travs en enfer
43%
Doflamingo sort de l'ombre
43%
Instinct
43%
Je comprends ce que vous ressentez
43%
Je ne mourrai pas
43%
L'homme qui valait 100 millions
43%
Nightmare Luffy
43%
Oratorio
43%
Prélude
43%
Une vérité qui blesse
43%
Utopia
43%
À l'aube d'une grande aventure vers le Nouveau Monde
39%
Alliance entre pirates
39%
Attaque au clair de lune
39%
Aventure sur l'île de Dieu
39%
Aventure sur l'île fantôme
39%
Bataille décisive à Alubarna
39%
Capitaine
39%
Capriccio
39%
Croire en ses rêves
39%
DAVY BACK FIGHT
39%
De nouveau face au mur
39%
Droit devant
39%
Guerre au sommet
39%
Justice N°9
39%
Le colisée de tous les dangers
39%
Les oubliés de Dressrosa
39%
Love song
39%
Roger & Rayleigh
39%
Smile
39%
Vieux machin
39%
Water Seven, la cité sur l'eau
39%
Wiper le démon furieux
39%
Déclaration de guerre
35%
Hope
35%
L'aventure d'Oden
35%
L'aventure d'Oz
35%
Le serment
35%
Les pirates contre le CP9
35%
Le tempérament d'un roi
35%
Luffy au chapeau de paille
35%
Merci pour tout
35%
Monsieur Tom
35%
Nous sommes là
35%
Petit frère
35%
Rébellion
35%
Rocketman
35%
Temps couvert avec chutes d'os par moments
35%
Vers le soleil
35%
100 000 vs 10
30%
Bad End Musical
30%
Bouillir, tel est le propre du Oden
30%
La légende du héros
30%
Le fluide royal
30%
Le héros de la légende
30%
L'icône du mal
30%
Lionne
30%
L'opération Dressrosa S.O.P
30%
LUCY
30%
Ma Bible
30%
Menteur
30%
Opération régicide
30%
Opération sauvetage
30%
Otohime et Tiger
30%
Rentrons
30%
Successeurs
30%
Table rase
30%
Tiens bon
30%
À la rencontre de Maître Chavipère
26%
Aventure au pays des samouraïs
26%
Charlotte Linlin
26%
Impitoyable
26%
La grande courtisane Komurasaki
26%
Les neufs Rônins
26%
Luffy versus Sanji
26%
Poursuis ta route
26%
Un monde en pleine agitation
26%
Je serai toujours à tes côtés
22%
La coqueluche du Village d'Ebisu
22%
La terre sainte de Marie-Joie
22%
Le guerrier libérateur
22%
Le rêve des guerriers
22%
Le rêve d'un génie
22%
Momonosuke Kozuki, Shogun du pays des Wa
22%
Place aux têtes d'affiche
22%
Le rêve de Luffy
17%
Ma gratitude
17%
Périple sur l'île des Hommes-Poissons
17%
Plus personne ne m'arrêtera
17%
Toujours de ton côté
17%
Un moment décisif
17%
Un monde dans lequel mieux vaut mourir
17%
Vers une bataille sans précédent
17%
Aucun quiz correspondant
Distribution des résultats
% des personnes avec chaque résultat
Percentile par nombre de réponses
Votre historique - résultats
Vous n’avez pas pris ce quiz depuis la dernière actualisation